00538 2200193 4500001002100000005001500021035002000036007000300056008004100059020002200100082001000122084001600132100002300148245007100171250002000242260003900262300002900301990001400330INLIS00000000000088320250628011544 a0010-0625000581ta250628 d 1 ind  a978-979-29-1623-2 a028.5 a028.5 T S k0 aT Sandi Situmorang1 aKumpulan Cerita Anak :bIrena Si Ratu Sampah /cT Sandi Situmorang aCetakan Pertama aYogyakarta :bPenerbit ANDI,c2019 a136 :bAda ;c13x20.5 cm a0652/2023